00313nam a22001337a 4500003000400000008004100004020001800045082001500063100001800078245003900096250001100135260002500146300000800171OSt240411b |||||||| |||| 00| 0 eng d a9789389845808 a005.55 NIA aNIGAM,Manisha aAdvanced Analytics with Excel 2019 a1st Ed aNew DelhibBPBc2023 a394